[Event "Titled Tue 26th Aug Early"]
[Site "chess.com INT"]
[Date "2025.08.26"]
[Round "2"]
[White "Vincenti, Leonardo"]
[Black "Rustemov, Alexander"]
[Result "0-1"]
[WhiteTitle "CM"]
[BlackTitle "GM"]
[WhiteElo "2221"]
[BlackElo "2525"]
[WhiteFideId "28550820"]
[BlackFideId "4119002"]
[EventDate "2025.08.26"]

1. Nf3 d5 2. g3 c6 3. Bg2 Bf5 4. c4 dxc4 5. Nc3 Nd7 6. O-O e6 7. Nh4 Bg4 8. a4
Nc5 9. a5 Rc8 10. Qc2 Nf6 11. h3 Bh5 12. Bf3 Bxf3 13. Nxf3 Be7 14. Nd1 Nb3 15.
Ra4 Nxa5 16. Qc3 b6 17. Ne3 O-O 18. Nxc4 Nxc4 19. Rxc4 c5 20. d3 b5 21. Rh4 Nd5
22. Qe5 Bxh4 23. Nxh4 Qf6 24. Qe4 c4 25. Nf3 h6 26. d4 Qf5 27. Qh4 Qf6 28. Qe4
c3 29. Ne5 Rfd8 30. bxc3 Nxc3 31. Qd3 Qf5 32. Qe3 Qxh3 33. Bd2 b4 34. Ra1 Rc7
35. Nd3 Nd5 36. Qf3 Qf5 37. Qg2 Nc3 38. Kf1 Rxd4 39. Be3 Rxd3 40. Qa8+ Kh7 41.
exd3 b3 42. Qb8 Qxd3+ 43. Kg2 Qd5+ 44. Kh2 Rb7 45. Qf4 b2 46. Re1 b1=Q 47. Rxb1
Rxb1 0-1

[Event "Titled Tue 26th Aug Early"]
[Site "chess.com INT"]
[Date "2025.08.26"]
[Round "2"]
[White "Sarveshwaran V"]
[Black "Karthik, Sai Ch"]
[Result "1-0"]
[WhiteTitle "CM"]
[BlackTitle "CM"]
[WhiteElo "2290"]
[BlackElo "2159"]
[WhiteFideId "25699016"]
[BlackFideId "46649484"]
[EventDate "2025.08.26"]

1. e4 c5 2. Nc3 Nc6 3. Bc4 g6 4. Nge2 Bg7 5. O-O e6 6. a3 Nge7 7. d3 d5 8. Ba2
O-O 9. Kh1 Rb8 10. f4 b5 11. f5 exf5 12. exd5 Nd4 13. Bf4 Ra8 14. d6 Nec6 15.
Nxd4 Nxd4 16. Nd5 g5 17. Ne7+ Kh8 18. Bxg5 Qxd6 19. Qh5 Be6 20. Bxe6 fxe6 21.
Rf4 Bf6 22. Rh4 Qxe7 23. Bxf6+ Rxf6 24. c3 Nc6 25. Qf3 Rc8 26. a4 Rg6 27. axb5
Qxh4 28. bxc6 Qe7 29. h3 Rcg8 30. Rg1 Qd6 31. b4 cxb4 32. cxb4 Qd5 33. Qf2 Rg3
34. Kh2 Qd6 35. Kh1 Qxc6 36. Qd4+ R3g7 37. b5 1-0

[Event "Titled Tue 26th Aug Early"]
[Site "chess.com INT"]
[Date "2025.08.26"]
[Round "2"]
[White "Kulik, Nicolas"]
[Black "Preobrazhenskaya, Diana"]
[Result "0-1"]
[BlackTitle "WFM"]
[WhiteElo "2111"]
[BlackElo "2140"]
[WhiteFideId "3009530"]
[BlackFideId "34270566"]
[EventDate "2025.08.26"]

1. e4 c5 2. Nf3 d6 3. d4 cxd4 4. Nxd4 Nf6 5. Nc3 a6 6. Bg5 Nbd7 7. Qe2 h6 8. Bh4
e6 9. f4 Be7 10. O-O-O Qa5 11. Be1 Qc7 12. Kb1 b5 13. a3 Bb7 14. g4 d5 15. e5
Ne4 16. Nxe4 dxe4 17. Bg2 Nc5 18. Bb4 Rc8 19. Bxc5 Bxc5 20. Bxe4 b4 21. axb4
Bxb4 22. Rd3 Qb6 23. Bxb7 Qxb7 24. Rhd1 a5 25. Nb5 O-O 26. Nd6 Bxd6 27. exd6 Qd7
28. Qd2 a4 29. Rc3 Rb8 30. Rc7 Qb5 31. Qc3 Rfd8 32. d7 Qe2 33. Rc1 Qf2 34. Rc8
Qxf4 35. Rxd8+ Rxd8 36. Qc8 Qf6 37. Qc6 a3 38. c3 axb2 39. Kxb2 Rb8+ 40. Ka2 Qd8
41. Ra1 Qa5+ 42. Qa4 Qxa4# 0-1

[Event "Titled Tue 26th Aug Early"]
[Site "chess.com INT"]
[Date "2025.08.26"]
[Round "2"]
[White "Novosel, Lovro"]
[Black "Carafizi, Vasile"]
[Result "1-0"]
[WhiteTitle "FM"]
[BlackTitle "FM"]
[WhiteElo "2347"]
[BlackElo "2134"]
[WhiteFideId "14547120"]
[BlackFideId "4002539"]
[EventDate "2025.08.26"]

1. Nf3 d5 2. c4 c6 3. e3 Nf6 4. b3 e6 5. Bb2 Nbd7 6. Be2 Be7 7. O-O O-O 8. d4 b6
9. Nc3 Bb7 10. Rc1 Rc8 11. h3 h6 12. Rc2 Re8 13. Qa1 c5 14. Rd1 dxc4 15. bxc4
cxd4 16. Nxd4 a6 17. Rcd2 Qc7 18. Bf1 Nc5 19. Nb3 Rcd8 20. Qc1 Rxd2 21. Rxd2 Rd8
22. Rxd8+ Qxd8 23. Nxc5 Bxc5 24. Na4 Be7 25. Bd4 Nd7 26. Qb1 Bc6 27. Nxb6 Qb8
28. Qb2 Qd6 29. Nxd7 Qxd7 30. Bxg7 Qd1 31. Bxh6 f6 32. Qb8+ Kf7 33. Qg3 Be4 34.
f3 Bd3 35. Qf2 Bxc4 36. g4 Bc5 37. Kg2 Qxf1+ 38. Qxf1 Bxf1+ 39. Kxf1 e5 40. e4
Ke6 41. Ke2 Bd4 42. h4 Bb2 43. h5 Kf7 44. Be3 Ba3 45. Kd3 1-0

[Event "Titled Tue 26th Aug Early"]
[Site "chess.com INT"]
[Date "2025.08.26"]
[Round "2"]
[White "Garcia, Jhoel"]
[Black "Sie, Thu"]
[Result "1-0"]
[WhiteTitle "IM"]
[BlackTitle "FM"]
[WhiteElo "2277"]
[BlackElo "2122"]
[WhiteFideId "3801110"]
[BlackFideId "13002767"]
[EventDate "2025.08.26"]

1. e4 c5 2. Nf3 g6 3. g3 Bg7 4. Bg2 Nc6 5. O-O d6 6. c3 Nf6 7. Re1 e5 8. h3 O-O
9. a4 Rb8 10. Na3 a6 11. d4 b5 12. axb5 axb5 13. d5 Ne7 14. c4 b4 15. Nc2 Nh5
16. b3 h6 17. Ne3 Kh7 18. Bb2 Bd7 19. Ra7 Ra8 20. Qa1 Qb8 21. Rxa8 Qxa8 22. Qb1
Qc8 23. Kh2 Kh8 24. Qc2 f5 25. exf5 gxf5 26. Nh4 Bf6 27. Qe2 Qe8 28. Bf3 Ng7 29.
Neg2 Qf7 30. Qd2 Bg5 31. Qd1 Ng6 32. Nxg6+ Qxg6 33. h4 Bf6 34. Be2 f4 35. Rg1
fxg3+ 36. fxg3 Nf5 37. Qd3 Rg8 38. g4 Nd4 39. Qxg6 Rxg6 40. Bd1 Bxg4 41. Nf4
exf4 42. Bxg4 Rxg4 43. Rxg4 Nf3+ 44. Kg2 1-0

[Event "Titled Tue 26th Aug Early"]
[Site "chess.com INT"]
[Date "2025.08.26"]
[Round "2"]
[White "Fernandes, Rogerio Paulo Muller"]
[Black "Devaev, Alexander"]
[Result "0-1"]
[BlackTitle "FM"]
[WhiteElo "2241"]
[BlackElo "2306"]
[WhiteFideId "2101599"]
[BlackFideId "4169395"]
[EventDate "2025.08.26"]

1. c4 c5 2. g3 e6 3. Bg2 Nf6 4. Nf3 Be7 5. O-O O-O 6. Nc3 Nc6 7. a3 a6 8. Rb1
Rb8 9. d3 d5 10. Bf4 Bd6 11. Bxd6 Qxd6 12. cxd5 exd5 13. d4 c4 14. b3 b5 15.
bxc4 dxc4 16. e4 Qxa3 17. Qc2 Nb4 18. Qd2 Nd3 19. e5 Nd7 20. Ra1 Qe7 21. Ne1 f6
22. Nxd3 cxd3 23. exf6 Nxf6 24. Qxd3 Rd8 25. Rfe1 Qd6 26. Rad1 Bb7 27. Ne4 Bxe4
28. Bxe4 a5 29. Bf5 a4 30. d5 b4 31. Be6+ Kh8 32. Ra1 a3 33. Qb3 Qb6 34. Rad1 h6
35. h4 Qd6 36. Rd2 Rb7 37. Rb1 Ra8 38. Ra2 Rb6 39. Qd3 Rd8 40. Rb3 Qc5 41. Qg6
Nxd5 0-1

[Event "Titled Tue 26th Aug Early"]
[Site "chess.com INT"]
[Date "2025.08.26"]
[Round "2"]
[White "Nandish V S"]
[Black "Arya G Mallar"]
[Result "0-1"]
[WhiteTitle "CM"]
[BlackTitle "WCM"]
[WhiteElo "2251"]
[BlackElo "2112"]
[WhiteFideId "45084297"]
[BlackFideId "25115324"]
[EventDate "2025.08.26"]

1. d4 Nf6 2. c4 g6 3. Nc3 d5 4. cxd5 Nxd5 5. e4 Nxc3 6. bxc3 Bg7 7. Bc4 c5 8.
Ne2 O-O 9. O-O Nc6 10. Be3 Bg4 11. f3 cxd4 12. cxd4 Na5 13. Bxf7+ Rxf7 14. fxg4
Rxf1+ 15. Kxf1 Qd6 16. Kg1 Qe6 17. Nc3 Rc8 18. Rc1 Nc4 19. Bf2 Nb2 20. Qc2 Nc4
21. h3 a6 22. a4 Bh6 23. Rd1 Ne3 24. Bxe3 Bxe3+ 25. Kh1 Qc4 26. Qa2 e6 27. d5
Qxc3 28. dxe6 Kg7 29. Qd5 Qc7 30. Rf1 Rf8 31. Rd1 Re8 32. Rf1 Re7 0-1

[Event "Titled Tue 26th Aug Early"]
[Site "chess.com INT"]
[Date "2025.08.26"]
[Round "2"]
[White "Tikhonov, Viacheslav"]
[Black "Zobel, Christian"]
[Result "1-0"]
[WhiteTitle "CM"]
[BlackTitle "CM"]
[WhiteElo "2183"]
[BlackElo "2218"]
[WhiteFideId "44196407"]
[BlackFideId "16259068"]
[EventDate "2025.08.26"]

1. e4 c6 2. d4 d5 3. Nc3 dxe4 4. Nge2 Nf6 5. Ng3 Bg4 6. Be2 Bxe2 7. Qxe2 Qxd4 8.
Be3 Qb4 9. O-O-O Nbd7 10. a3 Qa5 11. Ngxe4 O-O-O 12. Ng5 e6 13. Nxf7 Bxa3 14.
Qc4 Nd5 15. Nxd5 exd5 16. Qb3 Bc5 17. Kb1 Rhf8 18. Nxd8 Rxd8 19. Bxc5 Nxc5 20.
Qh3+ Kb8 21. Rhe1 Ne4 22. Qe3 Ka8 23. f3 Nc5 24. Qd2 Qb6 25. Qd4 Qb5 26. Re7 a6
27. Rxg7 Ne6 28. Qf6 Qe2 29. Rc1 Rf8 30. Rf7 Rxf7 31. Qxf7 Nd4 32. Qf8+ Ka7 33.
Qc5+ Kb8 34. Qxd4 Qxg2 35. Qf4+ Ka7 36. Qg3 Qe2 37. Qe1 Qc4 38. Qe3+ Ka8 39. Qd3
Qc5 40. Re1 b6 41. Re8+ Kb7 42. Qxh7+ 1-0

[Event "Titled Tue 26th Aug Early"]
[Site "chess.com INT"]
[Date "2025.08.26"]
[Round "2"]
[White "Sahbudak, Baris Cinar"]
[Black "Amarasinghe, A A C B"]
[Result "1-0"]
[WhiteTitle "CM"]
[BlackTitle "CM"]
[WhiteElo "2182"]
[BlackElo "1963"]
[WhiteFideId "26351633"]
[BlackFideId "9901809"]
[EventDate "2025.08.26"]

1. e4 e6 2. d4 d5 3. Bd3 dxe4 4. Bxe4 Nf6 5. Bf3 c5 6. Ne2 Be7 7. O-O O-O 8. Be3
Qa5 9. Nd2 cxd4 10. Nb3 Qc7 11. Qxd4 Nc6 12. Qc4 e5 13. Nc3 Be6 14. Qe2 b6 15.
Rfe1 Bb4 16. Nb5 Qc8 17. Bd2 Bxd2 18. Qxd2 Rd8 19. Qg5 Bc4 20. Nc3 h6 21. Qg3
Bxb3 22. axb3 Nd4 23. Bxa8 Nxc2 24. Bf3 Nxe1 25. Rxe1 Qc5 26. Qxe5 Qxe5 27. Rxe5
Rd2 28. h3 Rxb2 29. Nd5 Rxb3 30. Nxf6+ gxf6 31. Re8+ Kg7 32. Re7 a5 33. Rxf7+
Kg6 34. Rb7 b5 35. Bc6 b4 36. Ra7 Ra3 37. Be8+ Kf5 38. Bd7+ Ke5 39. g3 1-0

[Event "Titled Tue 26th Aug Early"]
[Site "chess.com INT"]
[Date "2025.08.26"]
[Round "2"]
[White "Williams, Simon K"]
[Black "Apoorv Kamble"]
[Result "0-1"]
[WhiteTitle "GM"]
[BlackTitle "FM"]
[WhiteElo "2444"]
[BlackElo "2365"]
[WhiteFideId "404454"]
[BlackFideId "25683012"]
[EventDate "2025.08.26"]

1. d4 Nf6 2. Bg5 Ne4 3. h4 c5 4. d5 d6 5. Nd2 Nf6 6. e4 a6 7. a4 b6 8. Bd3 Nbd7
9. Ngf3 h6 10. Bf4 Ng4 11. Nc4 Bb7 12. Qd2 g6 13. O-O Bg7 14. Bxd6 exd6 15.
Nxd6+ Kf8 16. Rfe1 Nde5 17. Nxe5 Bxe5 18. Nxb7 Qc7 19. c3 Qxb7 20. f4 Bf6 21. g3
h5 22. Be2 Be7 23. e5 Kg7 24. Bf3 Rad8 25. Kg2 Qc7 26. Rad1 Qd7 27. b3 c4 28. d6
Bxd6 29. exd6 cxb3 30. Re7 Qxe7 31. dxe7 Rxd2+ 32. Rxd2 Re8 33. Re2 Kf6 34. Bd5
Rxe7 35. Rxe7 Kxe7 36. Bxb3 Nf6 37. Kf3 Nd7 38. Ke4 Nc5+ 39. Kd5 Nxb3 40. Kc6
Nc5 41. a5 Nd7 42. axb6 a5 43. Kb5 a4 44. c4 a3 45. c5 a2 0-1

[Event "Titled Tue 26th Aug Early"]
[Site "chess.com INT"]
[Date "2025.08.26"]
[Round "2"]
[White "Grutter, Tim"]
[Black "Smietanska, Wiktoria"]
[Result "0-1"]
[WhiteTitle "IM"]
[BlackTitle "CM"]
[WhiteElo "2402"]
[BlackElo "2237"]
[WhiteFideId "1057472"]
[BlackFideId "21869359"]
[EventDate "2025.08.26"]

1. a3 e5 2. c3 d5 3. d4 Nc6 4. dxe5 Nxe5 5. Nf3 Nxf3+ 6. exf3 Nf6 7. Bd3 c6 8.
O-O Be6 9. Re1 Be7 10. Nd2 O-O 11. Nf1 Qc7 12. Ng3 Bd6 13. Bg5 Nd7 14. Qc2 g6
15. Bxg6 hxg6 16. Rxe6 Bxg3 17. Rxg6+ fxg6 18. Qxg6+ Kh8 19. hxg3 Qe5 20. Rd1
Qf5 21. Qh6+ Qh7 22. Qd6 Rae8 23. c4 Nb6 24. Bd2 Nxc4 25. Bc3+ Kg8 26. Qc5 Rf7
27. b3 Ne5 28. Re1 Rfe7 29. Rd1 Qc2 30. Qd4 Ng6 31. Bb4 Rh7 32. Bc3 b6 33. b4
Qf5 34. g4 Qf4 35. g3 Qxd4 36. Rxd4 Ne5 37. Kg2 Rf7 38. b5 Nxf3 39. Rd1 d4 40.
Bb2 c5 41. Rd3 Ne5 42. Rd1 Nxg4 43. Rd2 Rfe7 44. Bxd4 cxd4 45. Rxd4 Nf6 46. Rf4
Kg7 47. g4 Re4 0-1

[Event "Titled Tue 26th Aug Early"]
[Site "chess.com INT"]
[Date "2025.08.26"]
[Round "2"]
[White "Anakok, Deniz"]
[Black "Csonka, Balazs"]
[Result "0-1"]
[WhiteTitle "CM"]
[BlackTitle "IM"]
[WhiteElo "2129"]
[BlackElo "2467"]
[WhiteFideId "51603586"]
[BlackFideId "742910"]
[EventDate "2025.08.26"]

1. e4 c5 2. Nf3 Nc6 3. Bb5 g6 4. Bxc6 bxc6 5. d3 Bg7 6. O-O Nf6 7. Nc3 O-O 8. e5
Nd5 9. Ne4 d6 10. c4 Nc7 11. Bf4 Ne6 12. Bg3 d5 13. Neg5 Nxg5 14. Nxg5 Bf5 15.
Re1 h6 16. Nf3 g5 17. Qe2 Qb6 18. b3 Rad8 19. Rad1 Rd7 20. e6 Bxe6 21. Be5 Bg4
22. Bxg7 Kxg7 23. Qe5+ f6 24. Qg3 Bxf3 25. Qxf3 e5 26. Qf5 Rdf7 27. h4 Qc7 28.
h5 Kh8 29. Qg6 Rh7 30. Re3 Qf7 31. Qf5 Qxh5 32. Rde1 Qf7 33. Rh3 Kg7 34. Ree3
Re8 35. Ref3 Qe6 36. g4 Qxf5 37. Rxf5 Rd8 38. Rhf3 Rd6 39. Kg2 Rh8 40. Re3 Rf8
41. Kf3 Rfd8 42. Ke2 dxc4 43. bxc4 Rd4 44. Ref3 Rf4 45. R3xf4 gxf4 46. f3 Kg6
47. Rh5 Rb8 0-1

[Event "Titled Tue 26th Aug Early"]
[Site "chess.com INT"]
[Date "2025.08.26"]
[Round "2"]
[White "Atzl, Florian"]
[Black "Musial, Igor"]
[Result "1-0"]
[WhiteTitle "CM"]
[BlackTitle "FM"]
[WhiteElo "2146"]
[BlackElo "2306"]
[WhiteFideId "1635891"]
[BlackFideId "21858110"]
[EventDate "2025.08.26"]

1. e4 a6 2. d4 b5 3. Bd3 Bb7 4. Nf3 e6 5. Qe2 d6 6. O-O Nd7 7. c4 bxc4 8. Bxc4
Ne7 9. Nc3 g6 10. Re1 Bg7 11. Be3 O-O 12. Rac1 Nb6 13. Bb3 d5 14. e5 a5 15. Bg5
Ba6 16. Qd2 Qd7 17. Qf4 Bd3 18. Bf6 a4 19. Bc2 Bxc2 20. Bxg7 Kxg7 21. Qf6+ Kg8
22. Rxc2 Nf5 23. g4 Ng7 24. Rec1 c6 25. Ne1 Qd8 26. Nd3 Nc4 27. Qf4 Qb6 28. Nc5
Rfd8 29. N3xa4 Qb4 30. b3 Na3 31. Rc3 Nb5 32. Rh3 h5 33. Rf3 Rf8 34. h3 Qxd4 35.
Qxd4 Nxd4 36. Rd3 Nb5 37. Nd7 Rfc8 38. Ndb6 Ne8 39. Nxa8 Rxa8 40. Rxc6 Nbc7 41.
Rdc3 Ra7 42. Kg2 f6 43. exf6 Kf7 44. g5 e5 45. h4 d4 46. R3c5 e4 47. Re5 Ne6 48.
Rexe6 1-0

[Event "Titled Tue 26th Aug Early"]
[Site "chess.com INT"]
[Date "2025.08.26"]
[Round "2"]
[White "Zlatin, Alexander"]
[Black "Weetik, Vjacheslav"]
[Result "0-1"]
[WhiteTitle "FM"]
[BlackTitle "FM"]
[WhiteElo "2264"]
[BlackElo "2423"]
[WhiteFideId "2810549"]
[BlackFideId "4153472"]
[EventDate "2025.08.26"]

1. Nf3 Nf6 2. c4 c6 3. d4 d5 4. Nc3 e6 5. cxd5 exd5 6. Bg5 Bf5 7. e3 Nbd7 8. Bd3
Bg6 9. O-O Be7 10. Ne5 Bxd3 11. Qxd3 O-O 12. Nxd7 Nxd7 13. Bf4 a5 14. Rfe1 Re8
15. Rad1 a4 16. e4 dxe4 17. Nxe4 a3 18. b3 Nb6 19. Nc5 Nd5 20. Be5 Bxc5 21. dxc5
Qg5 22. Qg3 Qxg3 23. hxg3 Nb4 24. Bc3 Nxa2 25. Bd2 Red8 26. Kf1 Rd3 27. Ke2 Rxb3
28. Ra1 Nc3+ 29. Kd3 Nb1+ 30. Kc2 Nxd2 31. Kxd2 Kf8 32. Reb1 Rxb1 33. Rxb1 a2
34. Ra1 Ke7 35. Kc3 Ke6 36. Kc4 Ra4+ 37. Kb3 Ra5 38. Kc4 Kf5 39. f3 h5 40. Kb4
Rb5+ 41. Kc4 Rb2 42. Rh1 Rb1 43. Rxh5+ Kg6 44. Rh4 a1=Q 45. Rg4+ Kf6 46. Re4
Qa4+ 47. Kd3 Rb3+ 48. Ke2 Qa2+ 49. Kf1 Rb1+ 50. Re1 Rxe1+ 51. Kxe1 Ke5 52. g4
Kf4 53. g3+ Ke3 54. Kf1 Qf2# 0-1

[Event "Titled Tue 26th Aug Early"]
[Site "chess.com INT"]
[Date "2025.08.26"]
[Round "2"]
[White "Perez Cruz, Adianet"]
[Black "Krzywda, Andrzej"]
[Result "0-1"]
[WhiteTitle "WFM"]
[BlackTitle "CM"]
[WhiteElo "1984"]
[BlackElo "2149"]
[WhiteFideId "3510115"]
[BlackFideId "1114565"]
[EventDate "2025.08.26"]

1. d4 Nf6 2. Bg5 d5 3. e3 Ne4 4. Bf4 c5 5. Nf3 Nc6 6. c3 g6 7. Bd3 Bg7 8. Nbd2
Nxd2 9. Qxd2 b6 10. h3 O-O 11. O-O Re8 12. Rfe1 e5 13. dxe5 Nxe5 14. Nxe5 Bxe5
15. Bxe5 Rxe5 16. Rad1 Bb7 17. Be2 Qe7 18. Bf3 Re8 19. c4 dxc4 20. Bxb7 Qxb7 21.
Qc3 b5 22. Rd6 R5e6 23. Red1 Rxd6 24. Rxd6 Qe4 25. a3 a5 26. Qf6 b4 27. axb4
axb4 28. Rd7 Rf8 29. Re7 Qd3 30. Qc6 c3 31. bxc3 b3 32. Rb7 Qxc3 33. Qb5 c4 34.
Rc7 b2 35. Rb7 Qc1+ 36. Kh2 c3 37. Qb3 c2 38. Rxf7 Rxf7 39. Qb8+ Rf8 40. Qb3+
Kg7 41. Qc3+ Kh6 42. Qe5 Qh1+ 43. Kxh1 c1=Q+ 44. Kh2 Qc6 45. h4 Qf6 0-1

[Event "Titled Tue 26th Aug Early"]
[Site "chess.com INT"]
[Date "2025.08.26"]
[Round "2"]
[White "Salasan, Haran"]
[Black "Aalto, Patrik"]
[Result "0-1"]
[WhiteTitle "CM"]
[BlackTitle "FM"]
[WhiteElo "2059"]
[BlackElo "2335"]
[WhiteFideId "3221253"]
[BlackFideId "510726"]
[EventDate "2025.08.26"]

1. d4 Nf6 2. c4 e6 3. Nc3 Bb4 4. e3 O-O 5. Bd3 d5 6. cxd5 exd5 7. Ne2 c5 8. a3
Bxc3+ 9. bxc3 Nc6 10. O-O Bg4 11. Qc2 c4 12. Bf5 Bxf5 13. Qxf5 Qd7 14. Qxd7 Nxd7
15. f3 Rfe8 16. Rb1 b6 17. Ng3 Na5 18. e4 Nb3 19. Bf4 b5 20. exd5 Nb6 21. d6 Nd5
22. Bc1 Nxc3 23. Rb2 Rad8 24. Rc2 Nd5 25. a4 a6 26. axb5 axb5 27. Ne4 f5 28. Nc5
Nxc1 29. Rfxc1 Rxd6 30. Rb2 Rb6 31. Nd7 Rb7 32. Nc5 Rbb8 33. Nd7 Rbd8 34. Ne5
Nc7 35. Nc6 Rd6 36. Nb4 Rxd4 37. Rf2 c3 38. Nc2 Rc4 39. Rb1 Rb8 40. Kf1 b4 41.
Re2 b3 42. Ne3 c2 43. Rc1 b2 44. Rexc2 bxc1=Q+ 45. Rxc1 Rxc1+ 46. Kf2 0-1

[Event "Titled Tue 26th Aug Early"]
[Site "chess.com INT"]
[Date "2025.08.26"]
[Round "2"]
[White "Goncharov, Vladimir"]
[Black "Marcziter, Dmitrii"]
[Result "1-0"]
[BlackTitle "FM"]
[WhiteElo "2077"]
[BlackElo "2188"]
[WhiteFideId "34162256"]
[BlackFideId "13900765"]
[EventDate "2025.08.26"]

1. d4 Nf6 2. c4 g6 3. Nc3 Bg7 4. e4 d6 5. h3 O-O 6. Be3 Na6 7. Qc2 c5 8. d5 e6
9. Nf3 Re8 10. Be2 Nc7 11. O-O a6 12. dxe6 Nxe6 13. Rad1 Qb6 14. b3 Bd7 15. e5
dxe5 16. Nxe5 Bc6 17. Nxc6 Qxc6 18. Bf3 Qc8 19. Na4 Qc7 20. Bd5 Nd4 21. Bxd4
cxd4 22. Bf3 Rad8 23. c5 b5 24. Nb6 d3 25. Qc1 d2 26. Qc2 Re5 27. b4 a5 28. a3
axb4 29. axb4 Rd4 30. Rxd2 Rxb4 31. c6 Re6 32. Nd5 Nxd5 33. Bxd5 Rd6 34. Rfd1
Rf6 35. Qc5 Bf8 36. Qe3 Rbf4 37. Qe8 Kg7 38. Bf3 Be7 39. Rd7 Qb6 40. Qxe7 Rxf3
41. gxf3 Qxc6 42. Qe4 Qc3 43. R7d3 Qb2 44. Rd6 Rf5 45. Qd4+ Qxd4 46. R1xd4 h5
47. Kg2 h4 48. Rb6 g5 49. Rb4 f6 50. R6xb5 Rxb5 51. Rxb5 Kg6 52. f4 f5 53. fxg5
Kxg5 54. Kf3 Kf6 55. Kf4 Ke6 56. Rxf5 Kd6 57. Kg5 Kc6 58. Rf4 Kd6 59. Rxh4 Ke7
60. Rf4 Kd6 61. h4 Ke5 62. h5 Kd5 63. h6 Ke5 64. h7 Kd6 65. h8=Q Kd7 66. Qf6 Kc7
67. Re4 Kb7 68. Re7+ Ka8 69. Qf8# 1-0

[Event "Titled Tue 26th Aug Early"]
[Site "chess.com INT"]
[Date "2025.08.26"]
[Round "2"]
[White "Auribault, Louis"]
[Black "Pechnikov, Artiom"]
[Result "1-0"]
[WhiteTitle "FM"]
[BlackTitle "CM"]
[WhiteElo "2113"]
[BlackElo "2014"]
[WhiteFideId "45196591"]
[BlackFideId "24104124"]
[EventDate "2025.08.26"]

1. e4 c5 2. Nc3 Nc6 3. Bb5 Nd4 4. Nf3 a6 5. Bd3 Nc6 6. O-O g6 7. b3 Bg7 8. Bb2
d6 9. Re1 e6 10. Qc1 Nge7 11. Nd5 Nd4 12. Nxe7 Qxe7 13. Nxd4 cxd4 14. c3 dxc3
15. Bxc3 O-O 16. Bxg7 Kxg7 17. e5 dxe5 18. Rxe5 Bd7 19. Qc4 Qf6 20. Rae1 Rac8
21. Qd4 Bc6 22. Bc4 Rcd8 23. Qe3 Rd6 24. a4 Rfd8 25. d3 Rd4 26. a5 Rg4 27. g3
Rgd4 28. b4 Qf3 29. Qxf3 Bxf3 30. Rc5 Bc6 31. f4 h5 32. Kf2 R8d7 33. Ke3 Kf6 34.
Rd1 Ba4 35. Rd2 Bc6 36. b5 axb5 37. Bxb5 Bxb5 38. Rxb5 R4d5 39. Rxd5 Rxd5 40.
Rb2 Rd7 41. d4 Kf5 42. h3 Kf6 43. Rb5 Ke7 44. Ke4 Kd6 45. d5 Re7 46. Rb6+ Kc5
47. d6 Rd7 48. Ke5 1-0

[Event "Titled Tue 26th Aug Early"]
[Site "chess.com INT"]
[Date "2025.08.26"]
[Round "2"]
[White "Raghav V"]
[Black "Germanovs, Georgijs"]
[Result "1-0"]
[WhiteTitle "FM"]
[BlackTitle "CM"]
[WhiteElo "2343"]
[BlackElo "2260"]
[WhiteFideId "25922475"]
[BlackFideId "11609710"]
[EventDate "2025.08.26"]

1. e4 e5 2. Nf3 Nc6 3. Bc4 Nf6 4. d3 h6 5. O-O d6 6. d4 exd4 7. Nxd4 Bd7 8. Nc3
Be7 9. Re1 O-O 10. h3 Nh7 11. a4 Bg5 12. f4 Bh4 13. Rf1 Kh8 14. Nf5 Bxf5 15.
exf5 Bf6 16. Nd5 Ne7 17. Nxf6 Nxf6 18. g4 d5 19. Bd3 c5 20. g5 Ne4 21. f6 gxf6
22. Qh5 Ng8 23. Be3 Qe7 24. Rae1 c4 25. Bxe4 Qxe4 26. gxf6 Qh7 27. Bd4 Rfe8 28.
Re5 Rxe5 29. Bxe5 Qxc2 30. Qxf7 Qh7 31. Qg7+ Qxg7+ 32. fxg7+ Kh7 33. f5 Re8 34.
Bd4 Re4 35. f6 Nxf6 36. Bxf6 d4 37. Kh2 d3 38. Rg1 Kg8 39. Bc3 d2 40. Bxd2 Re2+
41. Rg2 Re6 42. Bc3 a6 43. Rf2 Re8 44. Kg3 b5 45. axb5 axb5 46. Kh4 b4 47. Rf8+
Rxf8 48. gxf8=Q+ Kxf8 49. Bxb4+ Kf7 50. Bc3 Kg6 51. Kg4 h5+ 52. Kf4 Kh6 53. h4
Kg6 54. Ke5 Kf7 55. Kf5 Ke7 56. Kg5 Kd6 57. Kxh5 1-0

[Event "Titled Tue 26th Aug Early"]
[Site "chess.com INT"]
[Date "2025.08.26"]
[Round "2"]
[White "Sarkar, Justin"]
[Black "Popov, Tikhon"]
[Result "0-1"]
[WhiteTitle "IM"]
[BlackTitle "FM"]
[WhiteElo "2286"]
[BlackElo "2335"]
[WhiteFideId "2010011"]
[BlackFideId "24252026"]
[EventDate "2025.08.26"]

1. e4 e5 2. Nf3 Nc6 3. d4 exd4 4. Nxd4 Qf6 5. Nb3 Qg6 6. Nc3 Bb4 7. Bd2 Nf6 8.
f3 O-O 9. a3 Bd6 10. Qe2 Be5 11. O-O-O Re8 12. h4 Nh5 13. Qf2 Bg3 14. Qe3 Bf4
15. Qf2 Bg3 16. Qe3 Ne7 17. Bd3 d6 18. Ne2 Be6 19. f4 Bxb3 20. f5 Qg4 21. cxb3
Nxf5 22. Qf3 Qxf3 23. gxf3 Ne7 24. Nxg3 Nxg3 25. Rhg1 Nh5 26. Rg5 g6 27. Rdg1 f6
28. Rxh5 Nc6 29. Rb5 Nd4 30. Rxb7 Nxf3 31. Rg3 Ne5 32. Bc2 Rec8 33. Rc3 c5 34.
b4 c4 35. Bf4 Nf7 36. Rxf7 Kxf7 37. Bxd6 Ke6 38. Bc5 Rd8 39. Rxc4 Rd7 40. Bb3
Ke5 41. Rc3 Rad8 42. Bc2 g5 43. hxg5 fxg5 44. Kb1 h5 45. b5 h4 46. a4 g4 47. a5
h3 48. b6 h2 0-1

[Event "Titled Tue 26th Aug Early"]
[Site "chess.com INT"]
[Date "2025.08.26"]
[Round "2"]
[White "Rosen, Eric"]
[Black "Zozek Salah Mohammed"]
[Result "0-1"]
[WhiteTitle "IM"]
[BlackTitle "FM"]
[WhiteElo "2377"]
[BlackElo "2205"]
[WhiteFideId "2032562"]
[BlackFideId "4803361"]
[EventDate "2025.08.26"]

1. d4 d5 2. Bf4 Nf6 3. Nf3 c5 4. e3 Nc6 5. Nbd2 e6 6. c3 Bd6 7. Ne5 O-O 8. Bd3
Qc7 9. Ndf3 c4 10. Bc2 b5 11. h4 a5 12. h5 b4 13. g4 Bb7 14. Nxc6 Bxf4 15. exf4
Bxc6 16. Ne5 Rab8 17. g5 Ne4 18. f3 Ng3 19. Rg1 Nf5 20. Bxf5 exf5 21. Rc1 bxc3
22. bxc3 Rb2 23. Rc2 Ba4 24. Rxb2 Bxd1 25. Kxd1 Rb8 26. Rxb8+ Qxb8 27. Kc2 Qe8
28. Kb2 Qa4 29. h6 g6 30. Rb1 Kf8 31. Rc1 Ke7 32. Rc2 f6 33. gxf6+ Kxf6 34. Kc1
g5 35. fxg5+ Kxg5 36. Kb2 Kf4 37. Rd2 Ke3 38. Rc2 Qe8 39. Rh2 Qb8+ 40. Kc1 a4
41. Rb2 Qf8 42. Rb4 Qxh6 43. Rxa4 Ke2+ 44. Kb2 Kd1 45. Ka3 Qc1+ 46. Kb4 Qb2+ 47.
Kc5 Qxc3 48. Ra7 Qe3 49. Kxd5 c3 50. Rc7 c2 51. a4 c1=Q 52. Rxc1+ Qxc1 53. a5
Qa3 54. Nc6 h5 0-1